Guess the 1960s song lyrics #155 - Statistics

General Stats
  • This quiz has been taken 32 times
  • The average score is 204 of 292
Answer Stats
Answer % Correct
a
100%
A
100%
you
100%
ca
96%
to
96%
And
93%
and
93%
know
93%
Mrs
93%
Robinson
93%
who
93%
for
89%
have
89%
here's
89%
loves
89%
more
89%
Simon and Garfunkel
89%
than
89%
where
89%
Where
89%
no
86%
the
86%
will
86%
gone
82%
has
82%
Hey
82%
hey
82%
it
82%
on
82%
place
82%
DiMaggio
79%
ever
79%
in
79%
Jesus
79%
Joe
79%
of
79%
one
79%
that
79%
those
79%
When
79%
It's
75%
its
75%
like
75%
say
75%
your
75%
all
71%
at
71%
from
71%
Heaven
71%
pray
71%
about
68%
are
68%
got
68%
just
68%
our
68%
please
68%
see
68%
We'd
68%
away
64%
bless
64%
eyes
64%
God
64%
holds
64%
What's
64%
with
64%
you've
64%
bit
61%
Doo
61%
doo
61%
Going
61%
left
61%
little
61%
lonely
61%
nation
61%
choo
57%
help
57%
Look
57%
look
57%
lose
57%
Most
57%
way
57%
candidates
54%
Coo
54%
coo
54%
debate
54%
Every
54%
feel
54%
files
54%
goes
54%
Hide
54%
hide
54%
turns
54%
cupcakes
50%
learn
50%
Put
50%
secret
50%
choose
46%
home
46%
Joltin
46%
kids
46%
pantry
46%
Robinson's
46%
until
46%
Woo
46%
woo
46%
around
43%
shout
43%
sympathetic
43%
Laugh
39%
Sitting
39%
yourself
39%
affair
32%
afternoon
32%
Dee
32%
dee
32%
grounds
32%
hiding
32%
Stroll
32%
Sunday
32%
sofa
29%
Woe
7%
woe
7%
No matching quizzes found
Score Distribution
Percent of People with Each Score
Percentile by Number Answered
Your Score History
You have not taken this quiz